快樂與痛苦 (Record no. 6828)
[ view plain ]
| 000 -記錄標示 | |
|---|---|
| fixed length control field | 00843cam0a2200277 i 4500 |
| 001 - 控制號(記錄識別欄) | |
| control field | 00639987 |
| 003 - 控制號標識 | |
| 控制識別號 | yeezen |
| 005 - 最後更新時間 | |
| control field | 20201023132930.0 |
| 008 - 定長欄資料代碼 | |
| fixed length control field | chi |
| 010 0# - 美國國會圖書館控制號 | |
| NUCMC控制號碼 | 平裝 |
| 020 ## - 國際標準書號 | |
| 國際標準書號 | 978-986-85606-0-4 |
| 042 ## - 編目審定機構代碼 | |
| 編定審定機構代碼 | nbic |
| 210 ## - 簡略題名 | |
| 簡略題名 | 臺北市 |
| 245 ## - 題名及著者敘述項 | |
| 正題名 | 快樂與痛苦 |
| 著者敍述 | 仁欽多吉仁波切 |
| 260 1# - 出版項 | |
| 出版地 | 台北市 |
| 出版者 | 寶吉祥 |
| 出版年 | 2009 |
| 700 #0 - 附加款目--個人名稱 | |
| 個人姓名 | 仁欽多吉 |
| Relator code | 口述 |
| 942 ## - 附加款目元素 (KOHA) | |
| 分類法來源 | 中文圖書分類法 |
| Koha 館藏類型 | 一般圖書 |
| 撤銷狀態 | 遺失狀態 | 分類號來源 | 損壞狀態 | 不外借 | 永久館藏地 | 現在館藏地 | 採購日期 | 全部借出 | 全部續借 | 完整索書號 | 條碼號 | 最後一次日期記錄 | Date last checked out | 一般價格有效日期 | Koha館藏類型 |
|---|---|---|---|---|---|---|---|---|---|---|---|---|---|---|---|
| 未註銷館藏 | 未遺失 | 中文圖書分類法 | 未損毀 | 可外借 | 怡仁綜合醫院圖書館 | 怡仁綜合醫院圖書館 | 2018-05-08 | 2 | 2 | 226.965 | C02405 | 2024-01-24 | 2024-01-08 | 2018-05-08 | 一般圖書 |